00286nam a2200061Ia 4500008004100000082000800041245017500049240331s9999 xx 000 0 und d bREP 0aReport of the world conference to review and appraise the achievements of the United Nations Decade for Women :bEquality, Development and Peace - Nairobi 15-26 July 1985